Most Populated Cities in Canada - Statistics

General Stats
  • This quiz has been taken 22 times
  • The average score is 13 of 20
Answer Stats
Province Population City % Correct
Quebec 1,762,949 Montreal
100%
Ontario 2,794,356 Toronto
100%
British Columbia 662,248 Vancouver
100%
Alberta 1,010,899 Edmonton
90%
Ontario 1,017,449 Ottawa
90%
Quebec 549,459 Quebec City
90%
Alberta 1,306,784 Calgary
86%
Manitoba 749,607 Winnipeg
86%
Ontario 569,353 Hamilton
81%
Ontario 422,324 London
76%
Saskatchewan 266,141 Saskatoon
76%
Ontario 717.961 Mississauga
62%
British Columbia 568,322 Surrey
43%
Ontario 256,885 Kitchener
38%
Nova Scotia 439,819 Halifax
33%
Quebec 438,366 Laval
33%
Ontario 656,480 Brampton
29%
Quebec 291,041 Gatineau
24%
Ontario 338,503 Markham
14%
Ontario 323,103 Vaughan
14%
No matching quizzes found
Score Distribution
Percent of People with Each Score
Percentile by Number Answered
Your Score History
You have not taken this quiz